| 000 | 00480nam a2200181Ia 4500 | ||
|---|---|---|---|
| 008 | 240925s9999 xx 000 0 und d | ||
| 020 | _a735700818 | ||
| 082 | _a005.713769 HOW | ||
| 100 | _aHowd ,Rice Janice. | ||
| 245 | 0 | _aExchange System Administration | |
| 250 | _aNA | ||
| 260 |
_aBoston: _bNew Riders _c,1999. |
||
| 300 |
_axv,299p. _bNA _fOriginal |
||
| 500 | _aNA | ||
| 600 | _aComputer Science | ||
| 650 | _aComputer science, information & general works | ||
| 942 | _cBK | ||
| 999 |
_c5863 _d5863 |
||